The Coxeter legacy : reflections and projections

Αποθηκεύτηκε σε:
Λεπτομέρειες βιβλιογραφικής εγγραφής
Άλλοι συγγραφείς: Davis, Chandler (Επιμελητής έκδοσης), Ellers, Erich W. 1928- (Επιμελητής έκδοσης)
Μορφή: Βιβλίο
Γλώσσα:English
Δημοσίευση: Providence, RI : American Mathematical Society, c2006
Θέματα:
Ετικέτες: Προσθήκη ετικέτας
Δεν υπάρχουν, Καταχωρήστε ετικέτα πρώτοι!

MARC

LEADER 00000nam a2200000 i 4500
001 1/68768
008 071219s2006 riu ||| eng||
020 |a 0-8218-3722-2 
035 |l 10093284 
040 |a GR-MY-UA  |b gre  |e aacr 
041 0 |a eng 
082 0 |a 510  |2 (22) 
245 1 4 |a The Coxeter legacy :  |b reflections and projections /  |c Chandler Davis, Erich W. Ellers, editors 
260 |a Providence, RI :   |b American Mathematical Society,   |c c2006 
300 |a x, 320 σ.;  |b εικ.;  |c 27 εκ. 
504 |a Περιέχει βιβλιογραφικές παραπομπές και ευρετήριο 
650 0 0 |a Coxeter groups. 
650 0 0 |a Group theory. 
650 0 0 |a Geometry, Algebraic. 
700 1 |a Davis, Chandler.  |4 edt 
700 1 |a Ellers, Erich W.  |d 1928-  |4 edt 
700 1 |a Coxeter, H. S. M.  |q (Harold Scott Macdonald)  |d 1907-  |4 pbl 
852 |a INST  |b SAMOS  |e 20071219  |h 510 COX  |p 005300027476  |q 005300027476  |t BK  |y 0 
901 |a BIBL3-2007-3 
909 |a Σ  |b 140411 
922 |a 3ΕΛΗ  |b 200711  |c ΕΠΕΑΕΚ2/ΤΜΗΜΑ ΜΑΘΗΜΑΤΙΚΩΝ  |d ΕΛΕΥΘΕΡΟΥΔΑΚΗΣ 
970 |a ΚΟΣΙΕΡΗΣ  |b ΧΡΗΣΤΟΣ  |z 2007/12/19